000 00568nam a2200241Ia 4500
003 OSt
005 20220912153116.0
006 a|||||r|||| 00| 0
007 ta
008 220909b |||||||| |||| 00| 0 eng d
024 _a21134
037 _cTextual
040 _aCSL
_beng
_cCSL
041 _aeng
082 _aB2893, L43
100 _aPearcy C Ed.
245 0 _aTopics in operator theory
260 _c1974
300 _ap.
_ccm.
650 _aLinear operators
942 _hB2893, L43
_cTEXL
_2CC
999 _c98091
_d98091